| 000 | 00433nam a2200169Ia 4500 | ||
|---|---|---|---|
| 008 | 220216s9999 xx 000 0 und d | ||
| 100 | _aAli Sujan | ||
| 245 | 0 | _aThermal fogging of pesticides against flower and leaf pests on rubber | |
| 260 |
_bPlanters Bulletin _c1985 |
||
| 300 | _a13-15 | ||
| 650 | _aPesticides | ||
| 650 | _aRubber | ||
| 650 | _aThermal fogging | ||
| 700 | _aLeong C P | ||
| 700 | _aLim T M | ||
| 942 | _cJS | ||
| 999 |
_c71225 _d71225 |
||